000 00630nam a2200205Ia 4500
003 IN-BaIIA
008 211028s9999 xx 000 0 eng d
020 _a0-12-629805-X
040 _cIIA Library
080 _a[7]:01:00
_bSCH
100 _aSchroeder, Daniel J.
_915718
245 0 _aAstronomical optics
_cDaniel J. Schroeder
260 _aSan Diego
_bAcademic Press
_c1987
300 _axii, 352p
500 _aAcc.11639 and 12762 are Xerox copies
650 _aAstronomical Instruments
_94304
650 _aAstronomy and Astrophysics Thesaurus
650 _aOptics
942 _cBK
999 _c10728
_d10728